Dvorní zahradnice. Letní záře /

Pokračování ságy o dvorní zahradnici. Marleena a její snoubenec Julius si touží splnit svůj sen - založit vlastní zahradnictví.

Uloženo v:
Série:Dvorní zahradnice, část 2
Hlavní autor: Rosenthal, Rena (Autor)
Další autoři: Březinová, Zdeňka (Autor)
Médium: Kniha
Jazyk:Czech
Vydáno: Praha : Ikar, 2026
Vydání:Vydání první
Témata:
Celkem bylo vypůjčeno:1x
Příbuzné jednotky:Přeloženo z: Hofgärtnerin
Jiný vztah: 2
Z cyklu:: Dvorní zahradnice
Tagy:
Žádné tagy
LEADER 02267nam a2200469 i 4500
001 106198
003 CZ PrSKC
005 20260428101151.0
007 ta
008 260414s2026 xr g 000 f cze
015 |a cnb003644575 
020 |a 9788024956428  |q (vázáno) 
040 |a ABG001  |b cze  |e rda 
041 1 |a cze  |h ger 
072 7 |a 821.112.2-3  |x Německá próza, německy psaná  |2 Konspekt  |9 25 
080 |a 821.112.2-31  |2 MRF 
080 |a (0:82-31)-055.2  |2 MRF 
100 1 |a Rosenthal, Rena  |7 xx0279511  |4 aut  |9 113898 
240 1 0 |a Sommerleuchten.  |l Česky 
245 1 0 |a Dvorní zahradnice.  |p Letní záře /  |c Rena Rosenthal ; přeložila Zdeňka Březinová 
246 3 0 |a Letní záře 
250 |a Vydání první 
264 1 |a Praha :  |b Ikar,  |c 2026 
300 |a 517 stran ;  |c 24 cm 
336 |a text  |b txt  |2 rdacontent 
337 |a bez média  |b n  |2 rdamedia 
338 |a svazek  |b nc  |2 rdacarrier 
500 |a Přeloženo z němčiny 
520 2 |a Pokračování ságy o dvorní zahradnici. Marleena a její snoubenec Julius si touží splnit svůj sen - založit vlastní zahradnictví.  |b Oldenburg, rok 1893: Marleene a její snoubenec sní o tom, že si založí vlastní zahradnictví, kde budou pěstovat voňavé šeříky a nádherné rododendrony. Když se jim naskytne příležitost obhospodařovat kousek země, nemohou uvěřit svému štěstí. Ocenění na hamburské zahradní výstavě by jim navíc mohlo přinést vytoužený titul „dvorní zahradnictví“. Vybudovat však zahradnictví z ničeho v tak krátké době vyžaduje velké oběti. 
655 7 |a německé romány  |7 fd132945  |2 czenas  |9 53752 
655 7 |a romány pro ženy  |7 fd187897  |2 czenas  |9 115 
655 9 |a German fiction  |2 eczenas 
655 9 |a women's novels  |2 eczenas 
700 1 |a Březinová, Zdeňka  |7 hka2016902566  |4 trl  |9 117291 
710 2 |a Ikar (nakladatelství)  |7 xx0237091  |4 pbl  |9 117123 
765 0 |t Hofgärtnerin 
787 0 8 |t 2 
787 0 8 |i Z cyklu:  |t Dvorní zahradnice  |g 2  |w (CZ-CtDS)6d3b2df4-a884-564a-b9f3-90dfed734efb 
910 |a UOG502 
942 |2 ddc  |c KN 
999 |d 106198 
993 |0 0  |1 421180106924  |2 ddc  |4 0  |7 0  |9 99541  |b 0  |c 106924  |d 2026-04-28  |e 1  |f DOSP  |h 549.00  |i Koupě  |l DOSP  |q 2026-06-10  |r 2026-04-29  |s 2026-04-29  |t 6  |w 2026-04-28  |y KN  |z BELET  |n